Регионална библиотека "Любен Каравелов" - Русе

Мечокът и славеят : Кн. 1 (Запис номер 205403)

MARC детайли
000 -Лидер
Контролно поле с фиксирана дължина 01072nam a2200289 c 4500
003 - Код на организацията, давaща контролен номер
Контролно поле BLK
005 - Дата и час на последна редакция
Контролно поле 20250408094842.0
008 - Елементи от данни с фиксирана дължина
fixed length control field 180411b bul|||||r ||||||| ||bul||
020 ## - Международен стандартен номер на книга ISBN
Международен стандартен номер на книга ISBN 9786191710478
040 ## - Източник на каталожния запис
Идентификатор на билиотеката - собственик на записа BLK
041 ## - Код за език
Код за езика на текст/звукозапис или на отделно заглавие Български
Код за езика КДБФ Български
080 ## - УДК
Текстов определител УДК Американска литература (на САЩ)
УДК код - определител по УДК 821.111(73)
УДК определител -31
УДК - код + определител 821.111(73)-31
100 1# - Редна дума - Автор
Автор Арден, Катрин
Авторска отговорност първи автор
R(LIN) 350684
139 ## - Редно поле
Редна дума Арден, Катрин
Авторски знак Арг - А 82
245 10 - Сведения за заглавието
Заглавие Мечокът и славеят : Кн. 1
Подзаглавни данни Роман
Редно поле (дума) Катрин Арден ; прев. от англ. Ангел Ангелов.
257 ## - Страна на издаване
Страна на създаване/издаване България
260 ## - Област на издателските данни
Място на издаване, разпространение и проч. София
Име на издателя, разпространителя и проч. Orange Books
Година на издаване 2017
300 ## - Физическа характеристика
Страници 368 с.
Размери/Мащаб 24 см
380 ## - Жанр
Жанр Худож. лит.
500 ## - Общи забележки
Забележка Ориг. загл. The Bear and the Nightingale / Katherine Arden. - За авторката.
700 ## - Други автори (авторска отговорност)
Лично име Ангелов, Ангел Пенчев
9 (RLIN) 379977
852 ## - Местоположение
Форматна сигнатура Цб 288606
Фондова буква Хранилище
856 4# - Електронен адрес и достъп
Електронен формат pdf - файл
856 4# - Електронен адрес и достъп
Електронен формат pdf - файл
942 ## - АРТИКУЛИ
Вид на библиотечния материал Книги
Скрит в OPAC Не
Koha issues (borrowed), all copies 3
944 ## - СЪЗДАВАНЕ И РЕДАКЦИЯ на ЗАПИСА
Създаване/Редакция Редакция
Дата на регистрацията/редакция 2023
Служител, извършил регистрацията/редакцията 30530
Статус, дата на статуса Минев Младен
999 ## - СИСТЕМНИ КОНТРОЛНИ НОМЕРА
Koha biblionumber 205403
Koha biblioitemnumber 205403
Наличности
Код за отписване Код за изгубен артикул Източник на класификационната схема Код за повреда Коз за рестрикции Код за отдаване Артикулен № Име на библиотеката - собственик Име на библиотеката, в която се намира в момента Статус (Текущо местоположение) Дата на вписване в системата Местоположение - отдел Цена в лева Инвентарен номер Систематично азбучна сигнатура Баркод Номер на екземпляра Цена в евро Служебна бележка Служебен тип на артикула
  Не е изгубен Universal Decimal Classification Не е повреден без рестрикции заемане за дома 353692 Регионална библиотека "Любен Каравелов" Русе Регионална библиотека "Любен Каравелов" Русе Заемна - подръчен фонд 2017-12-15 Заемна - подръчен фонд 19.90 120000818331 П 820(73)-31/А 82 120000818331 1 10.17 Дост: Pk Вид: Ф N: 498 Дата: 15.12.2017 Дата инв: 15.03.2018 Бележки инв: П2018 Книги
  Не е изгубен Universal Decimal Classification Не е повреден без рестрикции ползва се в читалня 681519 Регионална библиотека "Любен Каравелов" Русе Регионална библиотека "Любен Каравелов" Русе Хранилище 2018-10-19 Хранилище 19.90 120000824348 Цб 290902 120000824348   10.17   Книги
  Не е изгубен Universal Decimal Classification Не е повреден   заемане за дома 803309 Регионална библиотека "Любен Каравелов" Русе Регионална библиотека "Любен Каравелов" Русе Заемна - подръчен фонд 2020-10-08 Заемна - подръчен фонд 19.90   821-31/А 82 К 120000849163   10.17   Книги
  Не е изгубен Universal Decimal Classification Не е повреден   заемане за дома 938226 Регионална библиотека "Любен Каравелов" Русе Регионална библиотека "Любен Каравелов" Русе Заемна - подръчен фонд 2024-01-03 Заемна - подръчен фонд 15.00 120000897209 821-31/А 82 К 120000897209   7.67   Книги
Vip Innovations Ltd, Rousse, Bulgaria 2025